000 01066cam a2200301 a 4500
001 vtls003210100
003 MY-SjTCS
005 20200226114407.0
008 110218s2008 enka b 001 0 eng
020 _a9781854377319 (pbk.)
020 _a1854377310 (pbk.)
020 _a9781854377586 (hbk.)
020 _a1854377582 (hbk.)
039 9 _a201305161129
_bVLOAD
_c201102181557
_dVLOAD
_c201102181557
_dVLOAD
_c201011271100
_dpushpa
_y201009081600
_zpazmi
082 0 4 _a709.22
_bDUC 2008
245 0 0 _aDuchamp, Man Ray, Picabia /
_cedited by Jennifer Mundy.
260 _aLondon :
_bTate Pub.,
_c2008.
300 _a247 p. :
_bill. (chiefly col.) ;
_c29 cm.
504 _aIncludes bibliographical references (p. [217]-229) and index.
600 0 0 _aMan Ray,
_d1890-1976.
_948837
600 1 0 _aDuchamp, Marcel,
_d1887-1968.
_937096
600 1 0 _aPicabia, Francis,
_d1879-1953.
650 0 _aModernism (Art)
650 0 _aArt and photography.
_946673
650 0 _aArt and motion pictures.
_917936
700 1 _aMundy, Jennifer.
_946674
920 _aSOD : 151319
999 _c131646